<?xml version="1.0" encoding="UTF-8"?>
<record
    xmlns:xsi="http://www.w3.org/2001/XMLSchema-instance"
    xsi:schemaLocation="http://www.loc.gov/MARC21/slim http://www.loc.gov/standards/marcxml/schema/MARC21slim.xsd"
    xmlns="http://www.loc.gov/MARC21/slim">

  <leader>01836nam a22003377a 4500</leader>
  <controlfield tag="005">20220725091614.0</controlfield>
  <controlfield tag="008">190117b1987    ag ||||| |||| 00| 0 spa d</controlfield>
  <datafield tag="020" ind1=" " ind2=" ">
    <subfield code="a">9501404145 V.1</subfield>
  </datafield>
  <datafield tag="020" ind1=" " ind2=" ">
    <subfield code="a">9501404692V.2</subfield>
  </datafield>
  <datafield tag="020" ind1=" " ind2=" ">
    <subfield code="a">950140563 V.3</subfield>
  </datafield>
  <datafield tag="050" ind1="0" ind2="4">
    <subfield code="a">K564.C6</subfield>
    <subfield code="b">I54 1991</subfield>
  </datafield>
  <datafield tag="245" ind1="0" ind2="0">
    <subfield code="a">Inform&#xE1;tica y derecho </subfield>
    <subfield code="b">: aportes de doctrina internacional </subfield>
    <subfield code="c">/ Director : Daniel Ricardo Altmark ; Coordinador : Rafael A. Bielsa  ; pr&#xF3;logo de H&#xE9;ctor Altmark</subfield>
  </datafield>
  <datafield tag="250" ind1=" " ind2=" ">
    <subfield code="a">1a ed.</subfield>
  </datafield>
  <datafield tag="260" ind1=" " ind2=" ">
    <subfield code="a">Buenos Aires, Argentina:</subfield>
    <subfield code="b">Ediciones Depalma,</subfield>
    <subfield code="c">r1991</subfield>
  </datafield>
  <datafield tag="300" ind1=" " ind2=" ">
    <subfield code="a">3 v. ;</subfield>
    <subfield code="c">23 cm.</subfield>
  </datafield>
  <datafield tag="505" ind1="0" ind2="0">
    <subfield code="r">Daniel Ricardo Altmark, Rafael A. Bielsa, Ettore Giannantonio, Antonio A. Martino</subfield>
    <subfield code="t">La etapa precontractual en los contratos inform&#xE1;ticos, M&#xE9;todo de an&#xE1;lisis para una aplicaci&#xF3;n en inform&#xE1;tica jur&#xED;dica documental, El valor jur&#xED;dico del documento electr&#xF3;nico, Sistemas expertos legales /</subfield>
    <subfield code="g">V.1.</subfield>
  </datafield>
  <datafield tag="505" ind1="0" ind2="0">
    <subfield code="r">Carlos Mar&#xED;a Correa, Rodolfo Pagano, Mario G. Losano, Salvador Bergel</subfield>
    <subfield code="t">V.2 El derecho inform&#xE1;tico en Am&#xE9;rica Latina, La t&#xE9;cnica legislativa y los sistemas de inform&#xE1;tica jur&#xED;dica, De la pluma de ganso al rayo l&#xE1;ser: nuevas tecnolog&#xED;as para los bancos de datos y las editoriales, Inform&#xE1;tica y responsabilidad civil /</subfield>
    <subfield code="g">V.2.</subfield>
  </datafield>
  <datafield tag="505" ind1="0" ind2="0">
    <subfield code="r">Ettore Giannantonio</subfield>
    <subfield code="t">Trasferencias electr&#xF3;nicas de fondos y autonom&#xED;a privada /</subfield>
    <subfield code="g">V.3.</subfield>
  </datafield>
  <datafield tag="650" ind1=" " ind2="4">
    <subfield code="a">Derecho inform&#xE1;tico</subfield>
  </datafield>
  <datafield tag="650" ind1=" " ind2="4">
    <subfield code="a">Contratos electronicos</subfield>
  </datafield>
  <datafield tag="650" ind1=" " ind2="4">
    <subfield code="a">Comercio electr&#xF3;nico</subfield>
  </datafield>
  <datafield tag="700" ind1="1" ind2=" ">
    <subfield code="a">Altmark, Daniel Ricardo,</subfield>
    <subfield code="e">director</subfield>
  </datafield>
  <datafield tag="700" ind1="1" ind2=" ">
    <subfield code="a">Bielsa, Rafael A.,</subfield>
    <subfield code="e">coordinador</subfield>
  </datafield>
  <datafield tag="700" ind1="1" ind2=" ">
    <subfield code="a">Giannantonio, Ettore,</subfield>
    <subfield code="e">autor</subfield>
  </datafield>
  <datafield tag="700" ind1="1" ind2=" ">
    <subfield code="a">Martino, Antonio A.,</subfield>
    <subfield code="e">autor</subfield>
  </datafield>
  <datafield tag="700" ind1="1" ind2=" ">
    <subfield code="a">Correa, Carlos Mar&#xED;a,</subfield>
    <subfield code="e">autor</subfield>
  </datafield>
  <datafield tag="700" ind1="1" ind2=" ">
    <subfield code="a">Pagano, Rodolfo,</subfield>
    <subfield code="e">autor</subfield>
  </datafield>
  <datafield tag="700" ind1="1" ind2=" ">
    <subfield code="a">Losano, Mario G.,</subfield>
    <subfield code="e">autor</subfield>
  </datafield>
  <datafield tag="700" ind1="1" ind2=" ">
    <subfield code="a">Bergel, Salvador  Dar&#xED;o,</subfield>
    <subfield code="e">autor</subfield>
  </datafield>
  <datafield tag="942" ind1=" " ind2=" ">
    <subfield code="2">lcc</subfield>
    <subfield code="c">LIB</subfield>
  </datafield>
  <datafield tag="999" ind1=" " ind2=" ">
    <subfield code="c">146326</subfield>
    <subfield code="d">146324</subfield>
  </datafield>
  <datafield tag="952" ind1=" " ind2=" ">
    <subfield code="1">0</subfield>
    <subfield code="2">lcc</subfield>
    <subfield code="4">0</subfield>
    <subfield code="7">0</subfield>
    <subfield code="a">LIC-002</subfield>
    <subfield code="b">LIC-002</subfield>
    <subfield code="c">GENERAL</subfield>
    <subfield code="d">2019-01-17</subfield>
    <subfield code="e">UA</subfield>
    <subfield code="f">1a ed.</subfield>
    <subfield code="k">CSA</subfield>
    <subfield code="l">1</subfield>
    <subfield code="o">K564.C6 I54 r1991 </subfield>
    <subfield code="p">BFD000011106</subfield>
    <subfield code="r">2025-11-10 15:21:29</subfield>
    <subfield code="s">2025-11-10</subfield>
    <subfield code="t">V.1 C:1</subfield>
    <subfield code="v">1.00</subfield>
    <subfield code="y">LIB</subfield>
  </datafield>
  <datafield tag="952" ind1=" " ind2=" ">
    <subfield code="1">0</subfield>
    <subfield code="2">lcc</subfield>
    <subfield code="4">0</subfield>
    <subfield code="7">0</subfield>
    <subfield code="a">LIC-002</subfield>
    <subfield code="b">LIC-002</subfield>
    <subfield code="c">GENERAL</subfield>
    <subfield code="d">2019-01-21</subfield>
    <subfield code="e">UA</subfield>
    <subfield code="f">1a ed.</subfield>
    <subfield code="k">CSA</subfield>
    <subfield code="o">K564.C6 I54 1988 </subfield>
    <subfield code="p">BFD000011114</subfield>
    <subfield code="r">2019-01-21 00:00:00</subfield>
    <subfield code="t">V:2 C:1</subfield>
    <subfield code="v">1.00</subfield>
    <subfield code="y">LIB</subfield>
  </datafield>
  <datafield tag="952" ind1=" " ind2=" ">
    <subfield code="1">0</subfield>
    <subfield code="2">lcc</subfield>
    <subfield code="4">0</subfield>
    <subfield code="7">0</subfield>
    <subfield code="a">LIC-002</subfield>
    <subfield code="b">LIC-002</subfield>
    <subfield code="c">GENERAL</subfield>
    <subfield code="d">2019-01-21</subfield>
    <subfield code="e">UA</subfield>
    <subfield code="f">1a ed.</subfield>
    <subfield code="k">CSA</subfield>
    <subfield code="o">K564.C6 I54 1990 </subfield>
    <subfield code="p">BFD000011115</subfield>
    <subfield code="r">2019-01-21 00:00:00</subfield>
    <subfield code="t">V:3 C:1 </subfield>
    <subfield code="v">1.00</subfield>
    <subfield code="y">LIB</subfield>
  </datafield>
</record>
